Taba'i` shu`ub al-Jazirah al-`Arabiyah wa-atharuha fi injah al-da`wah ila Allah fi daw' al-Hadith al-Nabawi /
طبائع شعوب الجزيرة العربية وأثرها في انجاح الدعوة الى الله في ضوء الحديث النبوي /
Saved in:
| Main Author: | |
|---|---|
| Format: | Thesis Book |
| Language: | Arabic |
| Published: |
2013.
|
| Subjects: | |
| Tags: |
Add Tag
No Tags, Be the first to tag this record!
|
| LEADER | 02206cam a2200457 i 4500 | ||
|---|---|---|---|
| 001 | u957713 | ||
| 003 | SIRSI | ||
| 005 | 201311240838 | ||
| 008 | 131124s2013 my t 000 0 ara m | ||
| 040 | |a UMA |d UMM |e rda | ||
| 043 | |a ar----- | ||
| 066 | |c (3 | ||
| 090 | |a BP42 |b A2 UMP 2013 Far | ||
| 094 | |a BP42 |b A2 UMP 2013 Far | ||
| 100 | 1 | |6 880-01 |a Farhat, Mohamed Iqbal, |e author | |
| 245 | 1 | 0 | |6 880-02 |a Taba'i` shu`ub al-Jazirah al-`Arabiyah wa-atharuha fi injah al-da`wah ila Allah fi daw' al-Hadith al-Nabawi / |c Mohamed Iqbal Ahmad Farhat ; al-mushrif Profesor Madya Dr. Fauzi Deraman. |
| 246 | 1 | 4 | |a Characteristics of the Arabs and its effects on the spread of Islam according to the Prophectic tradition. |
| 264 | 1 | |c 2013. | |
| 264 | 4 | |c 2013. | |
| 300 | |a x, 261 leaves ; |c 30cm. | ||
| 336 | |a text |2 rdacontent | ||
| 337 | |a unmediated |2 rdamedia | ||
| 338 | |a volume |2 rdacarrier | ||
| 500 | |a Text in Arabic script. | ||
| 500 | |a AIUM. | ||
| 502 | |b Ph.D |c Jabatan Al-Quran dan Al-Hadith, Akademi Pengajian Islam, Universiti Malaya |d 2013. | ||
| 504 | |a Bibliography: leaves 251-261. | ||
| 650 | 0 | |a Arabs |z Arabian Peninsula |x Intellectual life. | |
| 650 | 0 | |a Arabs and Islam |x Early works to 1800. | |
| 651 | 0 | |a Islamic Empire |x History | |
| 651 | 0 | |a Islamic Empire |x Civilization | |
| 651 | 0 | |a Arabian Peninsula |x History | |
| 700 | 0 | |a Fauzi Deraman, |e degree supervisor. | |
| 710 | 2 | |a Universiti Malaya. |b Jabatan Al-Quran dan Al-Hadith, |e degree granting institution. | |
| 880 | 1 | |6 100-01/(3/r |a فرحات, محمد اقبال. | |
| 880 | 1 | 0 | |6 245-02/(3/r |a طبائع شعوب الجزيرة العربية وأثرها في انجاح الدعوة الى الله في ضوء الحديث النبوي / |c محمد اقبال أحمد فرحات ؛ المشرف الدكتور فوزي درمان. |
| 900 | |a HH-ZA | ||
| 596 | |a 1 12 18 | ||
| 999 | |a BP42 A2 UMP 2013 FAR |w LC |c 1 |i A514695482 |l RESERVES |m P18ISLPURI |r Y |s Y |t TESIS |u 24/11/2013 | ||
| 999 | |a BP42 A2 UMP 2013 FAR |w LC |c 1 |i A515787809 |d 21/2/2014 |f 21/2/2014 |g 1 |l STACKS |m P12ISLAMKL |r Y |s Y |t TESIS |u 21/2/2014 | ||
| 999 | |a BP42 A2 UMP 2013 FAR |w LC |c 1 |i A515870801 |d 15/10/2014 |f 15/10/2014 |g 1 |l STACKS |m P01UTAMA |r Y |s Y |t TESIS |u 14/10/2014 | ||
